| 000 | 00335nam a2200145Ia 4500 | ||
|---|---|---|---|
| 008 | 230917s9999||||xx |||||||||||||| ||und|| | ||
| 040 |
_e49817 _aMAIN |
||
| 041 | _aEnglish | ||
| 082 | _a200 R197R | ||
| 100 | _aKumar, Ravinder | ||
| 245 | 0 | _aReligion and world peace | |
| 260 |
_aMeerut _bSara _c1993 |
||
| 300 | _a93 p. | ||
| 942 | _cBK | ||
| 999 |
_c74366 _d74366 |
||